000 00445nam a2200157Ia 4500
008 221030s9999 xx 000 0 und d
020 _a813140370X
041 _aEnglish
082 _a105.23
100 _aC. S. Mishra
245 0 _aAdvances in Research in Business & Finance, 2005 Vol. - VI. Risk Management Investment Management
260 _bICFAI University Press
_aHyderabad
_c2006
300 _a146
650 _aManagement
942 _cBK
999 _c5592
_d5592